Ομοιότητες και διαφορές μαθητών με άνιση σχολική επίδοση : απόψεις εκπαιδευτικών

Αποθηκεύτηκε σε:
Λεπτομέρειες βιβλιογραφικής εγγραφής
Κύριος συγγραφέας: Μουρατίδου, Κατερίνα
Συγγραφή απο Οργανισμό/Αρχή: Πανεπιστήμιο Αιγαίου Σχολή Κοινωνικών Επιστημών Τμήμα Κοινωνιολογίας Μεταπτυχιακό Πρόγραμμα Σπουδών Έρευνα για την Τοπική Κοινωνική Ανάπτυξη και Συνοχή
Μορφή: Thesis Βιβλίο
Γλώσσα:Greek
Δημοσίευση: 2015.
Θέματα:
Διαθέσιμο Online:http://hdl.handle.net/11610/17391
Ετικέτες: Προσθήκη ετικέτας
Δεν υπάρχουν, Καταχωρήστε ετικέτα πρώτοι!

MARC

LEADER 00000cam a2200000 a 4500
001 1/112110
008 160928s2015####gr | ||| |||| ||gre||
040 |a GR-MyUa  |b gre  |c GR-MyUa  |e AACR2 
041 0 |a gre 
082 7 |a 370.1  |2 (23) 
100 1 |a Μουρατίδου, Κατερίνα. 
245 1 0 |a Ομοιότητες και διαφορές μαθητών με άνιση σχολική επίδοση :   |b απόψεις εκπαιδευτικών /   |c Μουρατίδου Κατερίνα ; επιβλέπων καθηγητής Γιαβρίμης Παναγιώτης.  
260 |c 2015.  
300 |a 136 σ. :   |b πιν. ;   |c 29 εκ.  
500 |a Τριμελής επιτροπή: Γιαβρίμης Παναγιώτης, Ναγόπουλος Νικόλαος, Παπάνης Ευστράτιος.  
502 |a Διατριβή (μεταπτυχιακή) - Πανεπιστήμιο Αιγαίου, Λέσβος, 2015.  
504 |a Βιβλιογραφία: σ. 130-136.  
506 1 |a Ηλεκτρονική διάθεση μόνο λέξεων κλειδιών-περιλήψεων.  
650 0 |a Educational surveys  |z Greece. 
650 0 |a School children  |x Social conditions. 
650 0 |a School children  |x Family relationships. 
650 0 |a Teachers  |x Attitudes  |x Case studies. 
650 0 |a Education  |x Research. 
700 1 |a Γιαβρίμης, Παναγιώτης,  |e dgs 
710 2 |a Πανεπιστήμιο Αιγαίου  |b Σχολή Κοινωνικών Επιστημών  |b Τμήμα Κοινωνιολογίας  |b Μεταπτυχιακό Πρόγραμμα Σπουδών Έρευνα για την Τοπική Κοινωνική Ανάπτυξη και Συνοχή. 
852 |a INST  |b LESVOS  |c DIATR  |e 20160929  |h 331  |p 005100057241  |q 005100057241  |t MTXE  |y 23 
856 |u http://hdl.handle.net/11610/17391 
924 |a Μουρατίδου   |b Κατερίνα  |y Λέσβος  |z 2016-05 
970 |a Πατσή   |b Ανθίππη  |z 29-09-2016